000 01507nam0a2200313 4500
001 RU\NLR\bibl\545840
005 20260405111527.0
010 _a5-303-00138-5
_9500
021 _aRU
_b2004-37350
_91869
035 _a(NLR Aleph) 000538049
090 _a1395280
_c1395280
100 _a20040819d2003 |||y0rusy50 ca
101 0 _arus
102 _aRU
105 _ay |||||||||
200 1 _aЭффективность государственного регулирования инвестиционной деятельности в субъектах Российской Федерации в условиях трансформации российской экономики
_fГ.М. Голубев
_gМ-во образования Рос. Федерации, С.-Петерб. гос. ун-т экономики и финансов
210 _aСПб.
_cНестор
_d2003
215 _a111 с.
_d20
320 _aБиблиогр.: с. 99-111 (149 назв.)
606 0 _aИнвестиции капитала
_xГосударственное регулирование
_yРоссийская Федерация
_92208727
_3RU\NLR\auth\661326914
686 _aУ9(2)-56-21(2Р)
700 1 _4070
_7ca
_8rus
_aГолубев
_bГ. М.
_cэкономист
_gГеннадий Марксович
_925417
_3RU\NLR\auth\7742473
801 0 _aRU
_bNLR
_c20040819
_gPSBO
801 1 _aRU
_bNLR
_c20040819
830 _aавт. по кн.
942 _cBOOK
980 _aNB